000 00757nam a2200193 a 4500
001 000029501
003 DO-SdBNP
005 20220218074454.0
008 110418s1954 dr c 000 | spa d
040 _aDO-SdBNP
_bspa
_cBNPHU
049 _aBNPD
082 _axxx
_bC175p
100 1 _aCambiaso Lluberes, Pedro A.
_956365
245 1 0 _aPolítica social de Trujillo :
_bcomentarios acerca de recientes disposiciones legales al respecto /
_cPedro A. Cambiaso Lluberes.
260 _aCiudad Trujillo, República Dominicana :
_bEditora del Caribe,
_c1954.
300 _a28 p. :
_bretrs. ;
_c23 cm.
500 _aConferencia pronunciada en el Auditórium del Palacio del Partido Dominicano de la ciudad de Azua el día 13 de marzo de 1954.
942 _2ddc
_cLBS1
999 _c28993
_d28993